000 00412nam a2200169Ia 4500
001 23979
005 20260414151013.0
008 260414t1987||||xx |||||||||||||| ||spa||
041 _aESP
082 _a738.98501
_bV62
110 _aMuseo Banco Central de Reserva del Perú
245 0 _aVicús :
_bcolección arqueológica
260 _c1987
650 _aABD
654 _aCAU
942 _cLIB
_dJUS
_fJUS
_2ddc
_n
999 _c23979
_d23979